[Event "American Cont Blitz 2025"]
[Site "Foz do Iguacu BRA"]
[Date "2025.05.30"]
[Round "2.10"]
[White "Perez Gormaz, Matias"]
[Black "Lima, Stefan Moisei VIeira"]
[Result "1-0"]
[WhiteTitle "IM"]
[BlackTitle "FM"]
[WhiteElo "2408"]
[BlackElo "2241"]
[WhiteFideId "3406342"]
[BlackFideId "22782273"]
[EventDate "2025.05.30"]

1. e4 e6 2. d3 d5 3. Qe2 Be7 4. Nf3 Nf6 5. g3 b5 6. Bg2 Bb7 7. e5 Nfd7 8. h4 c5
9. O-O a5 10. Bf4 Na6 11. c3 b4 12. c4 h6 13. h5 Qb6 14. Nbd2 Nc7 15. Rfe1 a4
16. Nh2 a3 17. b3 Nb8 18. Qg4 Bf8 19. Rac1 d4 20. Ne4 Bxe4 21. Bxe4 Nc6 22. Qf3
Ra6 23. Qg2 Be7 24. Qh3 Kd7 25. Qg4 Bf8 26. Qf3 Nd8 27. Nf1 Be7 28. Qg4 Bf8 29.
Nd2 Kc8 30. Bg2 Kb8 31. Ne4 Ne8 32. Qh4 Kb7 1-0

[Event "American Cont Blitz 2025"]
[Site "Foz do Iguacu BRA"]
[Date "2025.05.30"]
[Round "2.11"]
[White "Muniz, Francisco Allysson da S."]
[Black "Becker, Rogerio Sperb"]
[Result "1/2-1/2"]
[WhiteElo "2197"]
[BlackElo "2111"]
[WhiteFideId "2184753"]
[BlackFideId "22767797"]
[EventDate "2025.05.30"]

1. d4 Nf6 2. c4 e6 3. Nc3 d5 4. Nf3 Be7 5. Bf4 O-O 6. e3 c5 7. Rc1 cxd4 8. Nxd4
Nc6 9. Be2 Bd7 10. O-O Nxd4 11. Qxd4 Bc6 12. c5 Nd7 13. b4 Bf6 14. Qd2 e5 15.
Bg3 d4 16. exd4 exd4 17. Nb5 Ne5 18. Nd6 Qd7 19. h3 a6 20. f4 Ng6 21. Bd3 Ne7
22. Nc4 Nd5 23. Be4 Ne3 24. Nb6 Qe7 25. Bxc6 bxc6 26. Rfe1 Rad8 27. Qd3 h6 28.
Qxa6 Qe4 29. Qe2 d3 30. Qd2 Bd4 31. Kh1 Qg6 32. Rxe3 Bxe3 33. Qxe3 d2 34. Rd1
Qc2 35. Qf3 Rfe8 36. Kh2 Rd3 37. Qxc6 Ree3 38. Qc8+ Kh7 39. Qf5+ Kg8 40. Qc8+
Kh7 41. Qf5+ 1/2-1/2

[Event "American Cont Blitz 2025"]
[Site "Foz do Iguacu BRA"]
[Date "2025.05.30"]
[Round "2.12"]
[White "Giron Chavez, David Emanuel"]
[Black "Mayta Aiza, Maveric"]
[Result "1-0"]
[WhiteTitle "FM"]
[BlackTitle "CM"]
[WhiteElo "2108"]
[BlackElo "2184"]
[WhiteFideId "7300697"]
[BlackFideId "3307336"]
[EventDate "2025.05.30"]

1. e4 c5 2. Nf3 Nc6 3. d4 cxd4 4. Nxd4 Nf6 5. Nc3 d6 6. Bg5 e6 7. f4 Be7 8. Qd2
h6 9. Bxf6 Bxf6 10. Nf3 Qa5 11. Bc4 O-O 12. Bb3 Qb6 13. O-O-O Rd8 14. g4 a5 15.
a4 e5 16. f5 Nb4 17. h4 d5 18. Nxd5 Nxd5 19. Bxd5 Bd7 20. g5 Be7 21. gxh6 Bc5
22. Kb1 Be3 23. h7+ Kh8 24. Qg2 Be8 25. Rd3 Rac8 26. f6 Bh6 27. fxg7+ Bxg7 28.
Rg1 Qf6 29. Ng5 Qh6 30. Rf3 f6 31. Ne6 Rd7 32. Rg3 Rcc7 33. Nxc7 Rxc7 34. Rb3
Bxa4 35. Rxb7 Bxc2+ 36. Ka1 Rxb7 37. Bxb7 Bb3 38. Qh3 Bf7 39. Qc8+ Kxh7 40. Qf5+
Bg6 41. Qg4 a4 42. Bc8 a3 43. Bf5 axb2+ 44. Ka2 b1=Q+ 45. Kxb1 Bxf5 46. Qxf5+
Kh8 47. Qc8+ Kh7 48. Qf5+ Kh8 49. Qg6 Qxg6 50. Rxg6 Kh7 51. h5 Bh8 52. Kc2 Bg7
53. Kd3 Bh8 54. Kc4 Bg7 55. Kd5 Bh8 56. Ke6 Bg7 57. Rxf6 Bxf6 58. Kxf6 1-0

[Event "American Cont Blitz 2025"]
[Site "Foz do Iguacu BRA"]
[Date "2025.05.30"]
[Round "2.13"]
[White "Sanhueza, Cristian"]
[Black "Reyes Zavaleta, Cristhian Yamil"]
[Result "1-0"]
[WhiteTitle "FM"]
[WhiteElo "2182"]
[BlackElo "2073"]
[WhiteFideId "116815"]
[BlackFideId "3844340"]
[EventDate "2025.05.30"]

1. e4 e6 2. d4 d5 3. Nc3 Nf6 4. Bg5 Bb4 5. Ne2 dxe4 6. a3 Be7 7. Bxf6 Bxf6 8.
Nxe4 O-O 9. Qd3 b6 10. O-O-O Bb7 11. N2c3 Nd7 12. h4 Rc8 13. Kb1 c5 14. Nd6 Rb8
15. Nxb7 Rxb7 16. d5 Ne5 17. Qe4 exd5 18. Nxd5 Rd7 19. Bb5 Rd6 20. Rhe1 Ng6 21.
h5 Re6 22. Qf5 Nh4 23. Qg4 Rxe1 24. Nxf6+ Qxf6 25. Rxe1 Qxf2 26. Re2 Qf1+ 27.
Ka2 Qh1 28. Bc6 f5 29. Qc4+ Kh8 30. Qf7 Rg8 31. Bd5 1-0

[Event "American Cont Blitz 2025"]
[Site "Foz do Iguacu BRA"]
[Date "2025.05.30"]
[Round "2.14"]
[White "Dauer, Andre Leonardo"]
[Black "Molina Sumoza, Jesus Alberto"]
[Result "1-0"]
[WhiteTitle "CM"]
[BlackTitle "CM"]
[WhiteElo "2138"]
[BlackElo "2025"]
[WhiteFideId "2126915"]
[BlackFideId "3901874"]
[EventDate "2025.05.30"]

1. e4 c5 2. Nf3 Nc6 3. d3 g6 4. g3 Bg7 5. Bg2 d6 6. c3 e5 7. O-O Nge7 8. a3 O-O
9. b4 b6 10. b5 Na5 11. c4 Rb8 12. Bd2 Nb7 13. Nc3 h6 14. a4 Qd7 15. Bc1 Nd8 16.
Bb2 Ne6 17. a5 f5 18. Nd5 f4 19. Nh4 Kh7 20. Qg4 g5 21. Nxe7 gxh4 22. Nxc8 Rbxc8
23. Bh3 Rce8 24. Qxh4 Qf7 25. Bf5+ Kh8 26. Qg4 Bf6 27. Bxe6 Rxe6 28. Kh1 Rg8 29.
Qh3 Bg5 30. f3 fxg3 31. hxg3 Kh7 32. Rf2 Rf6 33. Raf1 Rf8 34. f4 exf4 35. Bxf6
Qxf6 36. gxf4 Bh4 37. Rg2 Rg8 38. Rxg8 Kxg8 39. Rg1+ Kh7 40. Qd7+ Kh8 41. Qe8+ 1-0

[Event "American Cont Blitz 2025"]
[Site "Foz do Iguacu BRA"]
[Date "2025.05.30"]
[Round "3.1"]
[White "Garcia Pantoja, Roberto"]
[Black "Salinas Herrera, Pablo"]
[Result "0-1"]
[WhiteTitle "GM"]
[BlackTitle "GM"]
[WhiteElo "2531"]
[BlackElo "2447"]
[WhiteFideId "3509265"]
[BlackFideId "3407128"]
[EventDate "2025.05.30"]

1. e4 d6 2. d4 Nf6 3. Nc3 g6 4. Nf3 Bg7 5. h3 O-O 6. Be3 c6 7. a4 Nbd7 8. Be2 e5
9. dxe5 dxe5 10. Bc4 Qe7 11. a5 Nc5 12. Nd2 Rd8 13. Qe2 Ne6 14. O-O Nh5 15. Rfc1
Nhf4 16. Qf1 Nd4 17. Kh2 h5 18. Ne2 Bh6 19. Ng1 h4 20. Ndf3 Bg7 21. c3 Nde6 22.
Rd1 Bd7 23. b4 Bf6 24. Ra2 Be8 25. Rad2 Rxd2 26. Rxd2 Kg7 27. Qd1 g5 28. Ne1 c5
29. b5 a6 30. b6 Bc6 31. Bd5 Qe8 32. Nc2 Nf8 33. Bxc5 Nxd5 34. exd5 Ba4 35. Qg4
Ng6 36. Ne3 Bd7 37. Nf5+ Kg8 38. Qf3 e4 39. Nh6+ Kg7 40. Nf5+ Kh7 41. Qh5+ Kg8
42. Nh6+ Kg7 43. Ng4 Bxc3 44. Qh6+ Kg8 45. Rd4 Bxg4 46. Rc4 Be5+ 47. Kh1 Qb5 48.
Rc1 Bd7 49. Qxg5 Bf4 50. Qf6 Bxc1 51. Bd4 Bh6 52. Qd6 Bf8 53. Qf6 Qxd5 54. Ne2
Qf5 0-1

[Event "American Cont Blitz 2025"]
[Site "Foz do Iguacu BRA"]
[Date "2025.05.30"]
[Round "3.2"]
[White "Tristan, Leonardo"]
[Black "Quesada Perez, Luis Ernesto"]
[Result "0-1"]
[WhiteTitle "GM"]
[BlackTitle "GM"]
[WhiteElo "2536"]
[BlackElo "2546"]
[WhiteFideId "113816"]
[BlackFideId "3520773"]
[EventDate "2025.05.30"]

1. d4 Nf6 2. Nf3 d5 3. Bf4 c5 4. e3 Nc6 5. c3 Qb6 6. Qc2 g6 7. h3 Bf5 8. dxc5
Qxc5 9. Qb3 Na5 10. Qa4+ Bd7 11. Qd4 Qb6 12. Qxb6 axb6 13. Nbd2 Bg7 14. Be2 O-O
15. O-O Rfc8 16. Rfd1 b5 17. Be5 e6 18. e4 Bc6 19. exd5 Nxd5 20. Bxg7 Kxg7 21.
Nd4 b4 22. cxb4 Nxb4 23. a3 Nd5 24. b4 Ba4 25. Rdc1 Nc6 26. Nxc6 Bxc6 27. Nb3
Nf4 28. Bf1 Bd5 29. Rxc8 Rxc8 30. Nd4 e5 31. Nb5 Rc2 32. Nd6 Kf8 33. Rd1 Ke7 34.
Nb5 Bc6 35. Na7 Bd7 36. g3 Ne2+ 37. Kg2 Nd4 38. Re1 f6 39. Bd3 Ra2 40. Rc1 Rxa3
41. Nc8+ Bxc8 42. Rxc8 Rxd3 43. Rc7+ Ke6 44. Rxb7 h5 45. Rg7 Kf5 46. Rc7 Rb3 47.
Rc4 g5 48. Kf1 g4 49. hxg4+ hxg4 50. Ke1 Ke4 0-1

[Event "American Cont Blitz 2025"]
[Site "Foz do Iguacu BRA"]
[Date "2025.05.30"]
[Round "3.3"]
[White "Fier, Alexandr"]
[Black "Liascovich, Lucas"]
[Result "1-0"]
[WhiteTitle "GM"]
[BlackTitle "IM"]
[WhiteElo "2556"]
[BlackElo "2417"]
[WhiteFideId "2107139"]
[BlackFideId "108634"]
[EventDate "2025.05.30"]

1. d4 d5 2. Nf3 Nc6 3. Bg5 Bf5 4. c3 h6 5. Bh4 g5 6. Bg3 Bg7 7. Nbd2 Nf6 8. h3
O-O 9. e3 Ne4 10. Nxe4 Bxe4 11. Nd2 Bg6 12. Bb5 f5 13. Bxc6 bxc6 14. f4 Qd6 15.
Nb3 Rab8 16. Kf2 a5 17. Qd2 a4 18. Nc5 Ra8 19. Rhf1 g4 20. Bh4 e6 21. Kg1 Kh7
22. Kh2 h5 23. Bg5 Rf7 24. b3 axb3 25. axb3 Rff8 26. Qb2 Bf7 27. Rxa8 Rxa8 28.
Ra1 Qf8 29. Ra4 Qc8 30. Qa2 Rb8 31. Ra7 Bf8 32. Qa5 Bd6 33. b4 Kg8 34. Qa4 Be8
35. Kg3 Kf7 36. Qa1 Bxc5 37. dxc5 Rb7 38. Ra2 Qd7 39. Ra8 Kg6 40. c4 Qf7 41. Qh8 1-0

[Event "American Cont Blitz 2025"]
[Site "Foz do Iguacu BRA"]
[Date "2025.05.30"]
[Round "3.5"]
[White "Carcamo, Matias"]
[Black "Martinez Alcantara, Jose Eduardo"]
[Result "0-1"]
[BlackTitle "GM"]
[WhiteElo "2077"]
[BlackElo "2611"]
[WhiteFideId "115541"]
[BlackFideId "3805662"]
[EventDate "2025.05.30"]

1. e4 c5 2. Nc3 d6 3. g3 e6 4. Bg2 Nc6 5. d3 g6 6. f4 Bg7 7. Nf3 Nge7 8. O-O O-O
9. Be3 Nd4 10. Rb1 Nec6 11. Ne2 Nxf3+ 12. Bxf3 b6 13. e5 Bb7 14. exd6 Qxd6 15.
Nc3 Rad8 16. Ne4 Qe7 17. Qd2 c4 18. a3 cxd3 19. cxd3 Nd4 20. Bg2 Ba6 21. Kh1 Nf5
22. Rfd1 Bxd3 23. Qxd3 Rxd3 24. Rxd3 Nxe3 25. Rxe3 Rd8 26. Re2 Qc7 27. Rbe1 h6
28. h3 Qc4 29. Kh2 Kh7 30. Bf3 a5 31. Bg2 a4 32. Bf3 b5 33. Bg2 b4 34. axb4 Qxb4
35. Rb1 a3 36. b3 f5 37. Nf2 Rd2 0-1

[Event "American Cont Blitz 2025"]
[Site "Foz do Iguacu BRA"]
[Date "2025.05.30"]
[Round "3.6"]
[White "Hungaski, Robert"]
[Black "Lima, Darcy"]
[Result "1/2-1/2"]
[WhiteTitle "GM"]
[BlackTitle "GM"]
[WhiteElo "2477"]
[BlackElo "2380"]
[WhiteFideId "2021030"]
[BlackFideId "2100045"]
[EventDate "2025.05.30"]

1. c4 e5 2. Nc3 Nf6 3. e3 Be7 4. d4 exd4 5. exd4 d5 6. Nf3 O-O 7. Be2 dxc4 8.
Bxc4 Bg4 9. O-O Nc6 10. Be3 Bxf3 11. Qxf3 Nxd4 12. Qxb7 c5 13. Rad1 Bd6 14. Ne4
Rb8 15. Nxf6+ Qxf6 16. Qxa7 Qe5 17. g3 Nf3+ 18. Kg2 Qe4 19. Bd5 Ne1+ 20. Kg1
Nf3+ 21. Kg2 Ne1+ 22. Kg1 Nf3+ 23. Kg2 Ne1+ 1/2-1/2

[Event "American Cont Blitz 2025"]
[Site "Foz do Iguacu BRA"]
[Date "2025.05.30"]
[Round "3.7"]
[White "Ynojosa Aponte, Felix Jose"]
[Black "Perez Gormaz, Matias"]
[Result "1-0"]
[WhiteTitle "IM"]
[BlackTitle "IM"]
[WhiteElo "2392"]
[BlackElo "2408"]
[WhiteFideId "3900258"]
[BlackFideId "3406342"]
[EventDate "2025.05.30"]

1. e4 c6 2. c4 d5 3. cxd5 cxd5 4. exd5 Qxd5 5. Nc3 Qd8 6. Nf3 Nf6 7. d4 e6 8.
Bd3 Be7 9. O-O O-O 10. Bc2 Nc6 11. a3 Qd6 12. Qd3 Rd8 13. Rd1 b6 14. Bg5 g6 15.
Nb5 Qb8 16. Bb3 Ba6 17. Rac1 Qb7 18. a4 Nb4 19. Qe2 Nbd5 20. Ne5 Rac8 21. Qf3
Rxc1 22. Rxc1 Rc8 23. Rd1 Kg7 24. h4 Nb4 25. Qf4 Qe4 26. Bxf6+ 1-0

[Event "American Cont Blitz 2025"]
[Site "Foz do Iguacu BRA"]
[Date "2025.05.30"]
[Round "3.8"]
[White "Sanhueza, Cristian"]
[Black "Rojas Salas, Steven"]
[Result "0-1"]
[WhiteTitle "FM"]
[BlackTitle "IM"]
[WhiteElo "2182"]
[BlackElo "2343"]
[WhiteFideId "116815"]
[BlackFideId "3819434"]
[EventDate "2025.05.30"]

1. e4 e5 2. Nf3 Nf6 3. Nxe5 d6 4. Nf3 Nxe4 5. d4 d5 6. Bd3 Nc6 7. O-O Bg4 8. Re1
f5 9. c4 Be7 10. cxd5 Qxd5 11. Nc3 Nxc3 12. bxc3 O-O-O 13. h3 Bxf3 14. Qxf3 Qxf3
15. gxf3 g6 16. Rb1 Rhe8 17. Bf4 Bf6 18. Kf1 Rxe1+ 19. Rxe1 Bxd4 20. Bg5 Bxc3
21. Re3 Rf8 22. Re2 Ne5 23. Bh6 Rd8 24. Bc2 Nxf3 25. Re7 Bd2 26. Bg7 Bg5 27. Rf7
Re8 28. Bb3 Re7 29. Rf8+ Kd7 30. Bc3 b6 31. Kg2 Ne5 32. Rh8 Nd3 33. Bc4 Nc5 34.
a3 a5 35. Ra8 Ne6 36. Bb5+ c6 37. Bf1 Nf4+ 38. Kf3 Nd5 39. Bb2 Bf6 40. Bc1 Kd6
41. a4 Kc5 42. Rf8 Kb4 43. Bg2 Re6 44. Rf7 h5 45. Bf1 Kxa4 46. Bh6 Kb4 47. Bf8+
c5 48. Rb7 a4 49. Ra7 a3 50. Kg3 h4+ 51. Kh2 Nc3 52. Rb7 0-1

[Event "American Cont Blitz 2025"]
[Site "Foz do Iguacu BRA"]
[Date "2025.05.30"]
[Round "3.9"]
[White "Campos Gomez, Manuel"]
[Black "Caetano, Hugo Zanotti Mendonca"]
[Result "1-0"]
[WhiteTitle "IM"]
[WhiteElo "2355"]
[BlackElo "2144"]
[WhiteFideId "4444710"]
[BlackFideId "2119420"]
[EventDate "2025.05.30"]

1. Nf3 d5 2. g3 Nf6 3. Bg2 c5 4. O-O Nc6 5. d4 cxd4 6. Nxd4 e6 7. c4 Be7 8. Nc3
O-O 9. cxd5 exd5 10. Bf4 Bg4 11. h3 Bh5 12. Rc1 Rc8 13. Nf5 Re8 14. g4 Bg6 15.
Nxd5 Bxf5 16. gxf5 Nxd5 17. Qxd5 Qb6 18. Be3 Qa6 19. Qc4 Qa5 20. Bd5 Rf8 21. Qe4
Bf6 22. Rc5 Qd8 23. b4 Re8 24. Qc4 Qd7 25. Qb3 Ne5 26. Be4 Rxc5 27. bxc5 Nc6 28.
Rd1 Qc8 29. Bd5 Rf8 30. Be4 Re8 31. Bb1 Qc7 32. a4 a5 33. Rd6 Be5 34. Rd5 Bf6
35. Qd1 Ne7 36. Rd7 Qe5 37. Qd3 Nc6 38. Rxb7 Qa1 39. Kg2 Qxa4 40. Qd7 Rf8 41.
Rb6 Qc4 42. Qxc6 a4 43. Bd3 Qc3 44. Qxa4 h6 45. Qc4 Qe5 46. Qe4 Qc7 47. Rb7 Qc8
48. Bc4 1-0

[Event "American Cont Blitz 2025"]
[Site "Foz do Iguacu BRA"]
[Date "2025.05.30"]
[Round "3.10"]
[White "Baules Rodriguez, Jorge Luis"]
[Black "Giron Chavez, David Emanuel"]
[Result "1-0"]
[WhiteTitle "IM"]
[BlackTitle "FM"]
[WhiteElo "2257"]
[BlackElo "2108"]
[WhiteFideId "6600247"]
[BlackFideId "7300697"]
[EventDate "2025.05.30"]

1. d4 Nf6 2. c4 e6 3. Nf3 Bb4+ 4. Bd2 Qe7 5. g3 Nc6 6. Nc3 Bxc3 7. Bxc3 Ne4 8.
Rc1 O-O 9. Bg2 d6 10. O-O Nxc3 11. Rxc3 e5 12. d5 Nb8 13. c5 Na6 14. cxd6 cxd6
15. a3 Bd7 16. Qd2 Nc5 17. Qe3 Na4 18. Rc7 Nc5 19. Nxe5 Qd8 20. Nxd7 Qxc7 21.
Nxf8 Rxf8 22. Rc1 Qb8 23. Bh3 Re8 24. Qf3 a5 25. b4 axb4 26. axb4 Na6 27. Rc4 g6
28. Bg4 Qd8 29. Qc3 h5 30. Bf3 Qe7 31. h4 Qe5 32. Qxe5 Rxe5 33. Rc8+ Kg7 34. b5
Nc5 35. Rd8 Nb3 36. Rxd6 Nd4 37. Kg2 Nxb5 38. Rb6 Nc3 39. d6 Re8 40. Rxb7 Rd8
41. d7 Kf6 42. Rc7 Nb5 43. Rc5 Na7 44. Rc7 Nb5 45. Rb7 Nd4 46. e3 Nf5 47. Bd5
Ke7 48. Bc6 Nd6 49. Rc7 f6 50. f4 Nf5 51. Kf2 Nd6 52. e4 Nf7 53. Rc8 Nd6 54.
Rxd8 Kxd8 55. Ke3 Kc7 56. Ba4 Nc4+ 57. Kd4 Nb6 58. Bb5 Nxd7 59. Bxd7 Kxd7 60. e5
Ke6 61. Ke4 1-0

[Event "American Cont Blitz 2025"]
[Site "Foz do Iguacu BRA"]
[Date "2025.05.30"]
[Round "3.11"]
[White "Becker, Rogerio Sperb"]
[Black "Dauer, Andre Leonardo"]
[Result "0-1"]
[BlackTitle "CM"]
[WhiteElo "2111"]
[BlackElo "2138"]
[WhiteFideId "22767797"]
[BlackFideId "2126915"]
[EventDate "2025.05.30"]

1. c4 e6 2. Nf3 d5 3. g3 c6 4. Qc2 Bd6 5. Bg2 Nf6 6. O-O O-O 7. d4 Ne4 8. Nc3 f5
9. b3 Nd7 10. Bb2 Ndf6 11. Ne5 Qc7 12. Nxe4 Nxe4 13. e3 Bd7 14. f3 Nf6 15. e4
fxe4 16. fxe4 Bxe5 17. dxe5 Ng4 18. Qe2 Qb6+ 19. Kh1 Nf2+ 20. Rxf2 0-1

[Event "American Cont Blitz 2025"]
[Site "Foz do Iguacu BRA"]
[Date "2025.05.30"]
[Round "3.12"]
[White "Ticona Rocabado, Licael Roderick"]
[Black "Muniz, Francisco Allysson da S."]
[Result "0-1"]
[WhiteTitle "IM"]
[WhiteElo "2359"]
[BlackElo "2197"]
[WhiteFideId "3319113"]
[BlackFideId "2184753"]
[EventDate "2025.05.30"]

1. d4 d5 2. c4 c6 3. e3 Nf6 4. Nf3 Bf5 5. b3 e6 6. Bb2 Ne4 7. Nbd2 Nd7 8. Be2
Bd6 9. O-O g5 10. Nxe4 Bxe4 11. Nd2 Bg6 12. cxd5 exd5 13. e4 dxe4 14. Nc4 Qc7
15. d5 Bxh2+ 16. Kh1 cxd5 17. Bxh8 dxc4 18. Rc1 b5 19. Qd5 Rb8 20. Rcd1 Be5 21.
Bxe5 Nxe5 22. bxc4 bxc4 23. Rb1 Rd8 24. Qb5+ Kf8 25. Rbd1 Nd3 26. Qxg5 Qb6 27.
Kg1 c3 28. Rb1 Qc7 29. Rb7 Qd6 30. Rxa7 c2 31. Ra6 Qb8 32. Bxd3 exd3 33. Qd2 Qb2
34. Rc6 Qxa2 35. Qc3 Kg8 36. Rc8 Qd5 37. Rxd8+ Qxd8 38. Qd2 Qd4 39. Re1 Qb2 40.
f4 Be4 41. Kh2 f5 42. Qe3 Qc3 43. Rg1 Qc6 44. Rc1 Qh6+ 45. Kg1 Qd6 46. Kh2 d2
47. Ra1 d1=Q 48. Qg3+ Qg4 49. Qb3+ Bd5 50. Ra8+ Kg7 51. Ra7+ Kh6 0-1

[Event "American Cont Blitz 2025"]
[Site "Foz do Iguacu BRA"]
[Date "2025.05.30"]
[Round "3.14"]
[White "Mayta Aiza, Maveric"]
[Black "Reyes Zavaleta, Cristhian Yamil"]
[Result "1-0"]
[WhiteTitle "CM"]
[WhiteElo "2184"]
[BlackElo "2073"]
[WhiteFideId "3307336"]
[BlackFideId "3844340"]
[EventDate "2025.05.30"]

1. e4 e6 2. d4 d5 3. Nc3 Nf6 4. e5 Nfd7 5. f4 c5 6. Nf3 Nc6 7. Be3 a6 8. Qd2 b5
9. a3 Qb6 10. Ne2 Bb7 11. dxc5 Bxc5 12. Ned4 Nxd4 13. Nxd4 Bxd4 14. Bxd4 Qc7 15.
b4 Rc8 16. Bd3 g6 17. O-O Nb8 18. Bc5 Nc6 19. a4 bxa4 20. Rxa4 a5 21. b5 Ne7 22.
Bf2 Ra8 23. Rfa1 O-O 24. Rxa5 Rac8 25. b6 Qb8 26. Bc5 Rfe8 27. Bd6 1-0

[Event "American Cont Blitz 2025"]
[Site "Foz do Iguacu BRA"]
[Date "2025.05.30"]
[Round "4.1"]
[White "Quesada Perez, Luis Ernesto"]
[Black "Avila Pavas, Santiago"]
[Result "1/2-1/2"]
[WhiteTitle "GM"]
[BlackTitle "GM"]
[WhiteElo "2546"]
[BlackElo "2469"]
[WhiteFideId "3520773"]
[BlackFideId "4437128"]
[EventDate "2025.05.30"]

1. b3 Nf6 2. Bb2 g6 3. Nf3 Bg7 4. g3 O-O 5. Bg2 c5 6. c4 d5 7. cxd5 Qxd5 8. O-O
Qh5 9. Qc2 Bh3 10. d3 Nc6 11. Nbd2 b6 12. a3 Rac8 13. Qc4 Ng4 14. Bxg7 Kxg7 15.
Qc3+ Kg8 16. Rfe1 Nd4 17. Nf1 Bxg2 18. Kxg2 Rfd8 19. Rac1 Nf6 20. N1d2 Qd5 21.
Qc4 Qd7 22. Ne5 Qb7+ 23. Ndf3 e6 24. b4 cxb4 25. Qxb4 Nc2 26. Rxc2 Rxc2 27. Qh4
Kg7 28. e4 Rd7 29. Nxd7 Nxd7 30. Qf4 Qc7 31. Qe3 Qc5 32. d4 Qc3 33. h4 Qxe3 34.
Rxe3 b5 35. Rb3 a6 36. g4 h6 37. g5 hxg5 38. hxg5 Rc4 39. Kg3 Nb6 40. Kf4 Ra4
41. Ne5 Rxd4 42. f3 Nc4 43. Rc3 Nxe5 44. Kxe5 Ra4 45. f4 a5 46. Rb3 b4 47. axb4
Rxb4 48. Rxb4 axb4 49. Kd4 e5+ 50. fxe5 Kf8 51. e6 fxe6 52. Kc4 Ke7 53. e5 Kd7
54. Kxb4 Kc6 55. Kc4 Kb6 56. Kb4 1/2-1/2

[Event "American Cont Blitz 2025"]
[Site "Foz do Iguacu BRA"]
[Date "2025.05.30"]
[Round "4.2"]
[White "Salinas Herrera, Pablo"]
[Black "Fier, Alexandr"]
[Result "0-1"]
[WhiteTitle "GM"]
[BlackTitle "GM"]
[WhiteElo "2447"]
[BlackElo "2556"]
[WhiteFideId "3407128"]
[BlackFideId "2107139"]
[EventDate "2025.05.30"]

1. d4 Nf6 2. Nf3 c5 3. d5 d6 4. Nc3 g6 5. e4 Bg7 6. Bb5+ Bd7 7. a4 O-O 8. O-O
Bg4 9. h3 Bxf3 10. Qxf3 Na6 11. Re1 Nc7 12. Bf1 Nd7 13. Qd1 b6 14. Bg5 a6 15.
Qd2 Re8 16. Ra2 Rb8 17. Nd1 b5 18. axb5 axb5 19. Ne3 Nf6 20. Bxf6 exf6 21. Ng4
f5 22. exf5 Rxe1 23. Qxe1 Nxd5 24. fxg6 hxg6 25. c3 Qd7 26. Ra6 b4 27. Qd2 bxc3
28. bxc3 Nb6 29. c4 Qe7 30. Qa5 Nd7 31. Qc7 Rb1 32. Qxd6 Qe2 33. Nh2 Bd4 34. Qf4
Be5 35. Qg5 Bxh2+ 36. Kxh2 Rxf1 37. Rd6 Qe5+ 38. Qxe5 Nxe5 39. Rd5 Nxc4 40. Rxc5
Nd6 41. f3 Nf5 42. Re5 Kg7 43. Re4 Ra1 44. h4 Ra2 45. Kh3 Kf6 46. Rb4 Ne7 47.
Rb6+ Kg7 48. Rb5 Nc6 49. h5 Nd4 50. Re5 Kf6 51. Re4 Ne6 52. Rh4 g5 53. Rb4 Nf4+ 0-1

[Event "American Cont Blitz 2025"]
[Site "Foz do Iguacu BRA"]
[Date "2025.05.30"]
[Round "4.3"]
[White "Martinez Alcantara, Jose Eduardo"]
[Black "Baules Rodriguez, Jorge Luis"]
[Result "1-0"]
[WhiteTitle "GM"]
[BlackTitle "IM"]
[WhiteElo "2611"]
[BlackElo "2257"]
[WhiteFideId "3805662"]
[BlackFideId "6600247"]
[EventDate "2025.05.30"]

1. e4 c5 2. Nf3 d6 3. c3 Nf6 4. h3 Nc6 5. Bd3 g5 6. Bc2 g4 7. hxg4 Bxg4 8. d3
Bg7 9. Nbd2 Rc8 10. Nf1 Ne5 11. Ne3 Bxf3 12. gxf3 e6 13. f4 Nc6 14. Qf3 Qa5 15.
Bd2 h5 16. a3 Qb6 17. O-O-O Qa6 18. Qg3 Bf8 19. f5 Be7 20. Qh3 e5 21. Nd5 Kd7
22. Bg5 Nxd5 23. f6+ Kc7 24. exd5 1-0

[Event "American Cont Blitz 2025"]
[Site "Foz do Iguacu BRA"]
[Date "2025.05.30"]
[Round "4.4"]
[White "Rojas Salas, Steven"]
[Black "Garcia Pantoja, Roberto"]
[Result "1-0"]
[WhiteTitle "IM"]
[BlackTitle "GM"]
[WhiteElo "2343"]
[BlackElo "2531"]
[WhiteFideId "3819434"]
[BlackFideId "3509265"]
[EventDate "2025.05.30"]

1. e4 c5 2. Nf3 d6 3. c3 Nf6 4. h3 Nc6 5. Bd3 d5 6. e5 Nd7 7. Qe2 e6 8. O-O g5
9. Bc2 h5 10. g4 Be7 11. d4 b6 12. b4 cxb4 13. a3 b3 14. Bxb3 Bb7 15. Be3 Qc7
16. Nbd2 O-O-O 17. Rfc1 hxg4 18. hxg4 f6 19. c4 fxe5 20. cxd5 exd5 21. Bxd5 Rh6
22. Bxc6 Rxc6 23. Ne4 exd4 24. Nxd4 Rxc1+ 25. Rxc1 Nc5 26. Ne6 Qe5 27. N4xc5
bxc5 28. Nxd8 Bd6 29. f4 gxf4 30. Nxb7 Kxb7 31. Qb5+ Kc7 32. Bxc5 Bxc5+ 33.
Rxc5+ 1-0

[Event "American Cont Blitz 2025"]
[Site "Foz do Iguacu BRA"]
[Date "2025.05.30"]
[Round "4.5"]
[White "Dauer, Andre Leonardo"]
[Black "Tristan, Leonardo"]
[Result "0-1"]
[WhiteTitle "CM"]
[BlackTitle "GM"]
[WhiteElo "2138"]
[BlackElo "2536"]
[WhiteFideId "2126915"]
[BlackFideId "113816"]
[EventDate "2025.05.30"]

1. e4 d5 2. exd5 Qxd5 3. Nc3 Qa5 4. Bc4 Nf6 5. d4 Bg4 6. f3 Bd7 7. Ne2 e6 8. O-O
Be7 9. Be3 O-O 10. a3 c5 11. Bd3 cxd4 12. Bxd4 Nc6 13. Bf2 Bc5 14. Qe1 Qb6 15.
Bxc5 Qxc5+ 16. Qf2 Qxf2+ 17. Rxf2 Ne5 18. Rd1 Rac8 19. Ng3 Bc6 20. Bf1 Rfd8 21.
Rfd2 Rxd2 22. Rxd2 Bxf3 23. Bb5 a6 24. Bd3 Bc6 25. Be2 g6 26. h3 Kg7 27. Kf2 h5
28. Nf1 g5 29. g3 g4 30. h4 Bf3 31. Ne3 Rxc3 32. bxc3 Ne4+ 33. Ke1 Nxd2 34. Kxd2
Bxe2 35. Kxe2 Kf6 36. Nd1 Nc4 37. a4 Nb6 38. Nb2 Ke5 39. Kd3 a5 40. c4 Nd7 41.
Ke3 Nc5 42. Nd3+ Nxd3 43. cxd3 Kd6 44. d4 f6 45. Kd3 e5 46. d5 f5 47. Ke3 Kc5
48. Kd3 f4 49. gxf4 exf4 50. Ke4 f3 51. Ke3 Kd6 52. Kf2 Ke5 53. Ke3 b6 54. Kf2
Kf4 55. d6 g3+ 56. Ke1 Ke3 57. d7 f2+ 0-1